000 01017nam0a2200313 4500
001 RU\NLR\BIBL_A\011537296
005 20260405171128.0
010 _a9785926825937
_920000
021 _aRU
_b2017-83968
_95990
035 _a(RuMoRGB)009447763
035 _a(NLR Aleph) 011537296
090 _a12176906
_c12176906
100 _a20171123d2017 u y0rusy50 ca
101 1 _arus
_cfin
102 _aRU
105 _aa z 000zy
200 1 _aВесёлые машинки
_fМаури Куннас
_gперевод с финского Валерия Тихомирова
210 _aСанкт-Петербург
_aМосква
_cРечь
_d2017
215 _a40, [2] с.
_cцв. ил.
_d30
333 _a6+
686 _aШ9(2)70(4Фн)
_2rubbk
686 0 _aШ9(4Фн)60-4
700 1 _aКуннас
_bМ.
_f1950-
_gМаури
_955742
_3RU\NLR\AUTH\7772814
942 _cBOOK
980 _aNBR